000 00376nam a2200157Ia 4500
003 Ost
005 20260225132539.0
008 260225s9999||||xx |||||||||||||| ||und||
040 _cfsic
041 _afre
082 _a302.23
100 _aPatrick charaudeau
_eAuteur
245 0 _aLe discours d'information médiatique /
245 0 _cPatrick charaudeau
942 _cكتاب
999 _c33424
_d33424